000 00402nam a2200133Ia 4500
008 151001s9999||||xx |||||||||||||| ||und||
100 _aपुरुषोत्तम धाक्रस
245 _aगोष्टी पुरून उरणार्‍या 6
250 _a1
260 _bरोहन प्रकाशन पुणे
260 _c2013
300 _a48
365 _b21
999 _c1001988
_d1001985